[Event "Accademia Cup"]
[Site "Roma ITA"]
[Date "1997.??.??"]
[Round "?"]
[White "Russo, Massimiliano"]
[Black "Pantano, Fulvio"]
[Result "1-0"]
[WhiteElo "1576"]
[BlackElo "1636"]
[PlyCount "35"]
[EventDate "1997.??.??"]

1. e4 Nf6 2. Bc4 Nxe4 3. Bxf7+ Kxf7 4. Qh5+ g6 5. Qd5+ e6 6. Qxe4 Bg7 7. d4 d6
8. Nf3 Bf6 9. Nc3 Nc6 10. a3 e5 11. O-O exd4 12. Nd5 Bf5 13. Qf4 Re8 14. Nxf6
Qxf6 15. Qh6 Qg7 16. Qh4 Re4 17. Ng5+ Kg8 18. Nxe4 1-0

[Event "Accademia Cup"]
[Site "Roma ITA"]
[Date "1997.??.??"]
[Round "?"]
[White "Russo, Massimiliano"]
[Black "Vanzan, Alessandro"]
[Result "1-0"]
[WhiteElo "1576"]
[BlackElo "1507"]
[PlyCount "85"]
[EventDate "1997.??.??"]

1. a3 g6 2. c4 Bg7 3. d4 Nf6 4. e3 b6 5. Nf3 O-O 6. Be2 Bb7 7. O-O d6 8. b4 Ne4
9. Bb2 c5 10. Nbd2 cxd4 11. exd4 Nd7 12. Nxe4 Bxe4 13. Ng5 Bb7 14. Qb3 h6 15.
Nf3 Rb8 16. d5 Ne5 17. Nxe5 dxe5 18. f4 b5 19. fxe5 bxc4 20. Bxc4 Qb6+ 21. Kh1
a5 22. Rad1 axb4 23. Bd4 Qd8 24. axb4 Re8 25. d6 e6 26. Rfe1 Qg5 27. Re2 Rec8
28. d7 Rd8 29. Bb6 Bxe5 30. Bxd8 Qh5 31. Rxe5 Qxe5 32. Be7 Qe4 33. Qa2 Ra8 34.
Qxa8+ Bxa8 35. d8=Q+ Kh7 36. Bf1 g5 37. Qd3 f5 38. Qxe4 Bxe4 39. b5 Kg6 40. Re1
Kf7 41. Rxe4 fxe4 42. Bd6 Ke8 43. b6 1-0

[Event "Accademia Cup"]
[Site "Roma ITA"]
[Date "1997.??.??"]
[Round "?"]
[White "Sabatini, Mario"]
[Black "Cattarinich, Benedetto"]
[Result "1-0"]
[WhiteElo "2075"]
[BlackElo "1807"]
[PlyCount "58"]
[EventDate "1997.??.??"]

1. d4 d5 2. Nf3 Nf6 3. e3 c5 4. Nbd2 Nc6 5. c3 Qc7 6. Bd3 e5 7. dxe5 Nxe5 8.
Nxe5 Qxe5 9. Nf3 Qc7 10. O-O Bd6 11. h3 O-O 12. Qc2 Re8 13. Rd1 Bd7 14. c4 dxc4
15. Bxc4 b5 16. Be2 Rad8 17. Bd2 h6 18. Ba5 Qxa5 19. Rxd6 Ne4 20. Rd5 Bc6 21.
Rxd8 Qxd8 22. Rd1 Qf6 23. Bf1 a6 24. Ne1 h5 25. f3 Ng3 26. Qxc5 Re6 27. Rd2 g5
28. Bd3 Rd6 29. Qxd6 Ne2+ 1-0

[Event "Accademia Cup"]
[Site "Roma ITA"]
[Date "1997.??.??"]
[Round "?"]
[White "Sabatini, Mario"]
[Black "Galeno, Giorgio"]
[Result "1-0"]
[WhiteElo "2075"]
[BlackElo "1725"]
[PlyCount "77"]
[EventDate "1997.??.??"]

1. d4 Nf6 2. Nf3 d5 3. e3 e6 4. Nbd2 Nbd7 5. Bd3 c5 6. c3 Qc7 7. O-O b6 8. Qa4
c4 9. Bb1 Bd6 10. e4 Bf4 11. e5 Ng4 12. h3 Nh6 13. Nxc4 dxc4 14. Bxf4 Bb7 15.
Ng5 a6 16. Ne4 Bc6 17. Qa3 Nf5 18. Bc2 h5 19. Rfe1 b5 20. Ng5 Ne7 21. b3 Nb6
22. Bd2 Qb7 23. Ne4 Bxe4 24. Bxe4 Ned5 25. Bf3 a5 26. Qc1 Qd7 27. bxc4 Nxc4 28.
Qc2 Rc8 29. Rac1 Ncb6 30. Qe4 Nc4 31. Bg5 a4 32. Qh4 Nb2 33. Rc2 a3 34. Bxd5
Qxd5 35. Be7 Nc4 36. Bb4 Rc7 37. Qg5 Rh6 38. Qxg7 Rg6 39. Qf8+ 1-0

[Event "Accademia Cup"]
[Site "Roma ITA"]
[Date "1997.??.??"]
[Round "?"]
[White "Sabatini, Mario"]
[Black "Gaspero, Mario"]
[Result "0-1"]
[WhiteElo "2075"]
[BlackElo "1806"]
[PlyCount "132"]
[EventDate "1997.??.??"]

1. d4 e6 2. Nf3 Nf6 3. e3 b6 4. Nbd2 Bb7 5. Bd3 c5 6. O-O Nc6 7. c3 Qc7 8. e4
cxd4 9. cxd4 Nb4 10. Bb1 Ba6 11. Re1 Rc8 12. a3 Nc2 13. Bxc2 Qxc2 14. Qxc2 Rxc2
15. Re3 Be7 16. Rc3 Rxc3 17. bxc3 O-O 18. Bb2 d5 19. e5 Nd7 20. a4 Bd3 21. Ne1
Bg6 22. Ba3 Bxa3 23. Rxa3 Rc8 24. f4 Nb8 25. Kf2 Nc6 26. Ke3 Na5 27. g4 f6 28.
Nef3 Kf8 29. h4 h6 30. h5 Bc2 31. exf6 gxf6 32. g5 hxg5 33. fxg5 fxg5 34. Nxg5
Ke7 35. Nh3 Bd1 36. Nf4 Kf6 37. Ne2 Bxe2 38. Kxe2 Rh8 39. Ra1 Rxh5 40. Rf1+ Ke7
41. Nf3 Nc6 42. Rg1 Rh7 43. Rg8 Kd6 44. Ng5 Re7 45. Kd3 e5 46. Rg6+ Kd7 47. Nh3
e4+ 48. Ke3 Re6 49. Rg7+ Kd6 50. Nf4 Rh6 51. Rg5 Ne7 52. a5 Rf6 53. axb6 axb6
54. Ne2 b5 55. Rh5 Rf3+ 56. Kd2 Ke6 57. Rh6+ Rf6 58. Rh8 Nc6 59. Ra8 b4 60.
cxb4 Nxb4 61. Rb8 Nc6 62. Rb6 Kd6 63. Rb3 Rf2 64. Rb6 Kc7 65. Rxc6+ Kxc6 66.
Ke1 Rxe2+ 0-1

[Event "Accademia Cup"]
[Site "Roma ITA"]
[Date "1997.??.??"]
[Round "?"]
[White "Sabatini, Mario"]
[Black "Ridolfi, Raffaele"]
[Result "1-0"]
[WhiteElo "2075"]
[BlackElo "1660"]
[PlyCount "69"]
[EventDate "1997.??.??"]

1. d4 Nf6 2. Nf3 g6 3. c4 Bg7 4. Nc3 d5 5. Qb3 dxc4 6. Qxc4 O-O 7. e4 c6 8. e5
Nd5 9. Nxd5 cxd5 10. Qb3 h6 11. Be2 b6 12. O-O Ba6 13. Bxa6 Nxa6 14. Bd2 e6 15.
Rac1 Qd7 16. Rc3 Rfc8 17. Rfc1 Bf8 18. a3 Kg7 19. h3 Kg8 20. Qc2 Rxc3 21. Qxc3
Rb8 22. Nh2 h5 23. g4 hxg4 24. Nxg4 Bg7 25. Bh6 Qd8 26. Bxg7 Kxg7 27. Nf6 Rb7
28. Qe3 Rc7 29. Qg5 Rxc1+ 30. Qxc1 Qf8 31. Kg2 Qb8 32. Qc6 Nc7 33. Qxc7 Qxc7
34. Ne8+ Kf8 35. Nxc7 1-0

[Event "Accademia Cup"]
[Site "Roma ITA"]
[Date "1997.??.??"]
[Round "?"]
[White "Scacco, Mauro"]
[Black "Cesarini, Lanfranco"]
[Result "1/2-1/2"]
[WhiteElo "2035"]
[BlackElo "1798"]
[PlyCount "106"]
[EventDate "1997.??.??"]

1. e4 e5 2. Nf3 Nc6 3. Bb5 a6 4. Ba4 Nf6 5. O-O Be7 6. Re1 b5 7. Bb3 O-O 8. c3
d6 9. h3 Na5 10. Bc2 c5 11. d4 Qc7 12. Nbd2 Rb8 13. Nf1 Be6 14. d5 Bd7 15. b3
c4 16. b4 Nb7 17. a4 a5 18. Ba3 bxa4 19. Bxa4 Ra8 20. bxa5 Bxa4 21. Qxa4 Rxa5
22. Qc6 Qxc6 23. dxc6 Nd8 24. c7 Ne6 25. Bb4 Rb5 26. Ne3 Nxc7 27. Ra7 Rc8 28.
Nxc4 Nfe8 29. Ncxe5 Bf8 30. Nc6 Ne6 31. Nfd4 Nxd4 32. Nxd4 Re5 33. f4 Re7 34.
Rxe7 Bxe7 35. Nf5 Bf8 36. Rd1 g6 37. Ng3 Bg7 38. Rd3 Bf8 39. Kf2 Ng7 40. f5 Ne8
41. Ne2 Nf6 42. Kf3 Kg7 43. g4 Ne8 44. Nf4 Rc6 45. Nd5 Nf6 46. Nxf6 Kxf6 47. h4
h6 48. Rd5 Kg7 49. g5 hxg5 50. hxg5 f6 51. gxf6+ Kxf6 52. e5+ dxe5 53. Bxf8
Rxc3+ 1/2-1/2

[Event "Accademia Cup"]
[Site "Roma ITA"]
[Date "1997.??.??"]
[Round "?"]
[White "Scacco, Mauro"]
[Black "Ciotoli, Patrizio"]
[Result "1-0"]
[WhiteElo "2035"]
[BlackElo "1956"]
[PlyCount "85"]
[EventDate "1997.??.??"]

1. e4 d5 2. exd5 Qxd5 3. Nc3 Qa5 4. d4 Nf6 5. Bc4 Bf5 6. Nf3 e6 7. O-O Bb4 8.
Bd2 c6 9. Re1 O-O 10. a3 Bxc3 11. Bxc3 Qc7 12. Ne5 Nbd7 13. Bb3 Nxe5 14. dxe5
Ne4 15. Qf3 Nxc3 16. Qxc3 Rfd8 17. Rad1 Rd7 18. Qc5 b6 19. Rxd7 Qxd7 20. Qd6
Qxd6 21. exd6 Rd8 22. Rd1 Kf8 23. f4 Ke8 24. Kf2 Kd7 25. Rd2 Be4 26. Ke3 f5 27.
Bc4 Rg8 28. g4 b5 29. gxf5 Bxf5 30. Bb3 g5 31. fxg5 Rxg5 32. Kf4 Rg4+ 33. Ke5
h5 34. c3 Re4+ 35. Kf6 Re3 36. Bd1 h4 37. Kg5 h3 38. Kh4 c5 39. Be2 c4 40. a4
a6 41. axb5 axb5 42. Kg5 Bd3 43. Bg4 {...} 1-0

[Event "Accademia Cup"]
[Site "Roma ITA"]
[Date "1997.??.??"]
[Round "?"]
[White "Scacco, Mauro"]
[Black "Malan, Domenico"]
[Result "1-0"]
[WhiteElo "2035"]
[BlackElo "1642"]
[PlyCount "63"]
[EventDate "1997.??.??"]

1. e4 e6 2. d4 d5 3. Nc3 Bb4 4. e5 c5 5. a3 Bxc3+ 6. bxc3 Ne7 7. Nf3 Qa5 8. Qd2
Nbc6 9. dxc5 Qxc5 10. a4 Qa5 11. Bd3 Ng6 12. O-O O-O 13. Re1 Qc7 14. Ba3 Rd8
15. Bd6 Rxd6 16. exd6 Qxd6 17. c4 d4 18. Rab1 b6 19. Be4 Bb7 20. c3 Rd8 21.
cxd4 f5 22. Bc2 Na5 23. c5 Qd5 24. Qe3 Re8 25. cxb6 axb6 26. Rb5 Qc6 27. Bxf5
Nc4 28. Bxe6+ Kh8 29. Qg5 Nd6 30. d5 Ne4 31. Qe3 Nc5 32. Ng5 1-0

[Event "Accademia Cup"]
[Site "Roma ITA"]
[Date "1997.??.??"]
[Round "?"]
[White "Scacco, Mauro"]
[Black "Simeoni, Matteo"]
[Result "0-1"]
[WhiteElo "2035"]
[BlackElo "1797"]
[PlyCount "45"]
[EventDate "1997.??.??"]

1. e4 c5 2. Nf3 d6 3. d4 cxd4 4. Nxd4 Nf6 5. Nc3 a6 6. Bc4 e6 7. Bb3 b5 8. f4
b4 9. Na4 Nxe4 10. f5 Qh4+ 11. g3 Nxg3 12. hxg3 Qxh1+ 13. Ke2 Qg2+ 14. Kd3
Qxg3+ 15. Be3 e5 16. Bxf7+ Kxf7 17. Qh5+ g6 18. fxg6+ Qxg6+ 19. Qxg6+ hxg6 20.
Rf1+ Ke8 21. Nf3 Bf5+ 22. Kd2 Nd7 23. c3 0-1

[Event "Accademia Cup"]
[Site "Roma ITA"]
[Date "1997.??.??"]
[Round "?"]
[White "Scagliarini, Bruno"]
[Black "De Carolis, Maurizio"]
[Result "1-0"]
[WhiteElo "1728"]
[BlackElo "1570"]
[PlyCount "103"]
[EventDate "1997.??.??"]

1. c4 Nf6 2. g3 c6 3. Bg2 e6 4. Nf3 d5 5. b3 dxc4 6. bxc4 Qb6 7. O-O g6 8. Qc2
Bg7 9. Nc3 O-O 10. Rb1 Qc7 11. d3 Nbd7 12. a4 b6 13. d4 Nh5 14. Ba3 Re8 15. Ne4
c5 16. dxc5 Nxc5 17. Nxc5 bxc5 18. Nd2 Rb8 19. Rxb8 Qxb8 20. Bxc5 Qc7 21. Ba3
Ba6 22. Rc1 Rc8 23. e3 Nf6 24. c5 Bf8 25. Bb2 Nd5 26. Bxd5 exd5 27. Qc3 f6 28.
Qxf6 Bg7 29. Qe6+ Qf7 30. Qxf7+ Kxf7 31. Bxg7 Kxg7 32. Nb3 Bc4 33. Nd4 Kf6 34.
c6 Ke5 35. Rb1 Ba6 36. Rb7 Bxb7 37. cxb7 Rc1+ 38. Kg2 Rb1 39. Nc6+ Kd6 40.
b8=Q+ Rxb8 41. Nxb8 Kc7 42. Na6+ Kb6 43. Nb4 Kc5 44. Nc2 Kc4 45. Nd4 a6 46. Nc6
Kc5 47. Ne7 d4 48. exd4+ Kxd4 49. Kf3 Kc5 50. Ke4 Kb4 51. Nd5+ Kxa4 52. Kd4 1-0

[Event "Accademia Cup"]
[Site "Roma ITA"]
[Date "1997.??.??"]
[Round "?"]
[White "Scagliarini, Bruno"]
[Black "Marinelli, Franco"]
[Result "1-0"]
[WhiteElo "1728"]
[BlackElo "1522"]
[PlyCount "69"]
[EventDate "1997.??.??"]

1. c4 c5 2. Nc3 Nf6 3. g3 Nc6 4. Bg2 e6 5. e4 Be7 6. d3 O-O 7. Nge2 d6 8. O-O
e5 9. h3 Nd4 10. f4 Nxe2+ 11. Qxe2 h6 12. f5 Bd7 13. g4 Bc6 14. h4 Nh7 15. g5
hxg5 16. hxg5 Bxg5 17. Rf3 Bxc1 18. Rxc1 Qg5 19. Rcf1 Nf6 20. Rh3 Qg4 21. Qf2
Nh5 22. Rh4 Qg5 23. Ne2 f6 24. Kh2 Kf7 25. Rg1 Rh8 26. Bh3 Qd2 27. Qg2 Rag8 28.
Qg6+ Kf8 29. Qg4 Be8 30. Rg2 Qxd3 31. Nc3 Qxc4 32. Nd5 Qd3 33. Nc7 Bf7 34. Ne6+
Bxe6 35. fxe6 $139 1-0

[Event "Accademia Cup"]
[Site "Roma ITA"]
[Date "1997.??.??"]
[Round "?"]
[White "Scagliarini, Bruno"]
[Black "Verrascina, Nicola"]
[Result "0-1"]
[WhiteElo "1728"]
[BlackElo "2140"]
[PlyCount "46"]
[EventDate "1997.??.??"]

1. c4 e5 2. g3 f5 3. Bg2 Nf6 4. e3 Be7 5. Ne2 O-O 6. O-O Qe8 7. Nbc3 d6 8. d3
c6 9. b4 g5 10. a4 f4 11. exf4 gxf4 12. gxf4 Bg4 13. f3 Bf5 14. Kh1 Qh5 15. Rg1
Kh8 16. Ne4 Rg8 17. N4g3 Rxg3 18. fxe5 dxe5 19. Qe1 Rg7 20. Qc3 Nbd7 21. d4
exd4 22. Qxd4 Rag8 23. Bb2 Bh3 0-1

[Event "Accademia Cup"]
[Site "Roma ITA"]
[Date "1997.??.??"]
[Round "?"]
[White "Scagliarini, Bruno"]
[Black "Wyss, Walter"]
[Result "1/2-1/2"]
[WhiteElo "1728"]
[BlackElo "2210"]
[PlyCount "149"]
[EventDate "1997.??.??"]

1. c4 c5 2. Nc3 e5 3. g3 Nc6 4. Bg2 g6 5. a3 Bg7 6. b4 f5 7. bxc5 Nge7 8. Nb5
O-O 9. Nd6 e4 10. Rb1 Qc7 11. Nh3 Nd4 12. O-O Qxc5 13. Nxc8 Qxc8 14. d3 d5 15.
cxd5 Nxd5 16. Bb2 Rd8 17. Bxd4 Bxd4 18. dxe4 Nc3 19. Qb3+ Kh8 20. Ng5 Qd7 21.
Nf7+ Kg7 22. Nxd8 Rxd8 23. Qxb7 Nxb1 24. Rxb1 fxe4 25. Bxe4 Bb6 26. Qxd7+ Rxd7
27. Bd3 Kf6 28. Rb5 Rc7 29. Rb3 Ke5 30. Kg2 Rc1 31. e3 Rd1 32. h4 Rd2 33. Kf3
Kf6 34. a4 Ra2 35. Rb4 Ra3 36. Rf4+ Kg7 37. Bb5 Rc3 38. g4 Rc5 39. Be8 Re5 40.
Bb5 Rc5 41. Re4 Rc7 42. Kg3 Ba5 43. Rd4 Kf6 44. g5+ Ke7 45. f4 Be1+ 46. Kg4 Rc3
47. Kf3 Ke6 48. Bc4+ Ke7 49. Bg8 Bxh4 50. Bxh7 Rc6 51. Bxg6 Rxg6 52. f5 Rxg5
53. Rxh4 Rxf5+ 54. Ke4 Ra5 55. Kd3 Kd6 56. Kc3 Rc5+ 57. Kb4 a5+ 58. Kb3 Re5 59.
e4 Kc5 60. Kc3 Rg5 61. Rh3 Re5 62. Re3 Re6 63. Re1 Rc6 64. Kd3 Rd6+ 65. Ke3 Kb4
66. Ra1 Rh6 67. e5 Kc4 68. Ke4 Rh2 69. e6 Rh7 70. Ke5 Kc5 71. Kf6 Rh6+ 72. Kf7
Rh7+ 73. Ke8 Kd6 74. e7 Rh8+ 75. Kf7 1/2-1/2

[Event "Accademia Cup"]
[Site "Roma ITA"]
[Date "1997.??.??"]
[Round "?"]
[White "Sebasti, Alessandro"]
[Black "Corinthios, Raimondo"]
[Result "0-1"]
[WhiteElo "1564"]
[BlackElo "1510"]
[PlyCount "44"]
[EventDate "1997.??.??"]

1. e4 e5 2. Nc3 Nf6 3. Be2 Bc5 4. d3 Nc6 5. Na4 Be7 6. Nf3 d5 7. exd5 Nxd5 8.
Bd2 O-O 9. O-O Be6 10. c4 Nf4 11. Bxf4 exf4 12. Qd2 Nd4 13. Nxd4 Qxd4 14. Nc3
Bxc4 15. Rac1 c6 16. Ne4 Bxa2 17. Qxf4 Qxb2 18. Qg4 f5 19. Qf3 fxe4 20. Qxe4
Bg5 21. Rc5 Rae8 22. Qg4 22... Rxe2 {...} 0-1

[Event "Accademia Cup"]
[Site "Roma ITA"]
[Date "1997.??.??"]
[Round "?"]
[White "Sebasti, Alessandro"]
[Black "Fanciulli, Gianluca"]
[Result "0-1"]
[WhiteElo "1564"]
[BlackElo "1564"]
[PlyCount "90"]
[EventDate "1997.??.??"]

1. e4 c6 2. d4 d5 3. e5 Bf5 4. Nf3 e6 5. Bd2 Qb6 6. Qc1 Nd7 7. Be2 c5 8. c3 Rc8
9. O-O cxd4 10. Nxd4 Bxb1 11. Qxb1 Nxe5 12. Bb5+ Nc6 13. Be3 Qc7 14. Qd3 Bd6
15. Nf3 Nge7 16. Bxa7 O-O 17. Be3 Ne5 18. Nxe5 Bxe5 19. f4 Bd6 20. Rf3 Nf5 21.
Raf1 Nxe3 22. Rh3 Nf5 23. g4 Nh6 24. Ba4 Qc4 25. Qc2 Bc5+ 26. Kg2 Qe4+ 27. Rff3
Qxc2+ 28. Bxc2 f5 29. gxf5 Nxf5 30. Kh1 Rf6 31. Rh5 Rg6 32. Rf1 Rf8 33. b4 Be3
34. Bd3 Rg4 35. Re1 d4 36. cxd4 Bxd4 37. Rd1 Rxf4 38. Bc4 Ne3 39. Bxe6+ Kh8 40.
Rg5 Nxd1 41. Rd5 Rf1+ 42. Kg2 Ne3+ 43. Kg3 Rg1+ 44. Kh4 Rf4+ 45. Kh5 g6+ 0-1

[Event "Accademia Cup"]
[Site "Roma ITA"]
[Date "1997.??.??"]
[Round "?"]
[White "Sebasti, Alessandro"]
[Black "Simeoni, Matteo"]
[Result "0-1"]
[WhiteElo "1564"]
[BlackElo "1797"]
[PlyCount "76"]
[EventDate "1997.??.??"]

1. c4 f5 2. d4 e6 3. Nc3 Bb4 4. Bd2 Nf6 5. a3 Bxc3 6. Bxc3 O-O 7. Nf3 b6 8. e3
Bb7 9. Be2 d6 10. O-O Nbd7 11. Ng5 Qe8 12. d5 exd5 13. Bf3 Ne4 14. Bh5 Qe7 15.
Nh3 dxc4 16. Be2 Kh8 17. Nf4 Nxc3 18. bxc3 Ne5 19. Nd5 Qf7 20. Nf4 Qf6 21. Nd5
Qf7 22. Nf4 d5 23. Qd4 Ng6 24. Bh5 Nxf4 25. Bxf7 Ne2+ 26. Kh1 Nxd4 27. Bxd5
Bxd5 28. exd4 f4 29. h3 Rae8 30. Rae1 g6 31. Kh2 Kg7 32. h4 h6 33. Kh3 g5 34.
hxg5 hxg5 35. Kg4 Kg6 36. Re5 Rxe5 37. dxe5 Bxg2 38. Rd1 Rh8 0-1

[Event "Accademia Cup"]
[Site "Roma ITA"]
[Date "1997.??.??"]
[Round "?"]
[White "Sebasti, Alessandro"]
[Black "Vannelli, Vittorio"]
[Result "0-1"]
[WhiteElo "1564"]
[BlackElo "1567"]
[PlyCount "106"]
[EventDate "1997.??.??"]

1. e4 c5 2. Nc3 e6 3. Nf3 Nf6 4. d3 Be7 5. h3 d5 6. Bg5 Nxe4 7. Bxe7 Nxc3 8.
Bxd8 Nxd1 9. Rxd1 Kxd8 10. Ne5 Ke7 11. c3 Nd7 12. f4 Nxe5 13. fxe5 Bd7 14. Be2
d4 15. O-O dxc3 16. bxc3 Bc6 17. d4 cxd4 18. cxd4 Rad8 19. Rf4 Rd7 20. Rdf1 Rf8
21. Rh4 h6 22. Rg4 Rg8 23. Rgf4 f6 24. g4 fxe5 25. Rf7+ Ke8 26. Rxd7 Kxd7 27.
dxe5 Ke7 28. Rc1 Rd8 29. Rc3 Rd2 30. Bc4 Rd4 31. Bb3 Re4 32. Rc5 Re2 33. Rc3
Rxe5 34. Kf2 Kd6 35. Rd3+ Bd5 36. Kg3 b5 37. a4 b4 38. a5 Kc5 39. Kf4 Re4+ 40.
Kg3 Rd4 41. Re3 Bxb3 42. Rxb3 Kc4 43. Rb1 Rd3+ 44. Kg2 b3 45. a6 Rd2+ 46. Kg3
Kc3 47. Re1 b2 48. Rxe6 b1=Q 49. Rc6+ Kd3 50. Rd6+ Ke2 51. Re6+ Kf1 52. Kh4 Qb5
53. Re5 Qxe5 0-1

[Event "Accademia Cup"]
[Site "Roma ITA"]
[Date "1997.??.??"]
[Round "?"]
[White "Simeoni, Matteo"]
[Black "Farina, Saverio"]
[Result "1-0"]
[WhiteElo "1797"]
[BlackElo "2170"]
[PlyCount "95"]
[EventDate "1997.??.??"]

1. e4 e6 2. d4 d5 3. Nc3 c5 4. exd5 exd5 5. dxc5 Nf6 6. Be3 Be7 7. Bb5+ Nc6 8.
h3 O-O 9. Nge2 a6 10. Bxc6 bxc6 11. O-O Qc7 12. Ng3 Be6 13. Qf3 Rad8 14. Rfd1
Qc8 15. Na4 Nd7 16. Bd4 Bf6 17. Nh5 Bxd4 18. Rxd4 Ne5 19. Qg3 Ng6 20. h4 Qb8
21. Qf3 Qe5 22. Qd1 Bf5 23. c3 Rfe8 24. Ng3 Re7 25. Qf3 Bc2 26. Rc1 Bxa4 27.
Rxa4 Rb7 28. h5 Qg5 29. Rc2 Ne5 30. Qf5 Qxf5 31. Nxf5 Ra8 32. Re2 f6 33. Nd6
Rd7 34. f4 Nd3 35. Rxa6 Rad8 36. Rxc6 Nxf4 37. Rd2 Re7 38. b4 Ne2+ 39. Kf2 Nxc3
40. b5 Red7 41. b6 Rxd6 42. cxd6 Ne4+ 43. Ke3 Nxd6 44. Rxd6 Rxd6 45. Rb2 d4+
46. Kd3 Rd8 47. b7 Rb8 48. Kxd4 1-0

[Event "Accademia Cup"]
[Site "Roma ITA"]
[Date "1997.??.??"]
[Round "?"]
[White "Simeoni, Matteo"]
[Black "Imbrogno, Rinaldo"]
[Result "0-1"]
[WhiteElo "1797"]
[BlackElo "1929"]
[PlyCount "94"]
[EventDate "1997.??.??"]

1. e4 d6 2. d4 Nf6 3. Nc3 c6 4. Nf3 Bg4 5. Be2 e6 6. O-O Bxf3 7. Bxf3 d5 8.
exd5 cxd5 9. Bf4 Nc6 10. Ne2 Be7 11. c3 O-O 12. Qd3 Na5 13. Ng3 Nc4 14. Bc1 Rc8
15. Re1 Re8 16. Bd1 b5 17. Bc2 b4 18. Nh5 g6 19. Nf4 bxc3 20. bxc3 Qa5 21. Qh3
Nd6 22. Re3 Nfe4 23. f3 Ng5 24. Qg4 Nf5 25. Rd3 Rxc3 26. Bd2 Rec8 27. h4 Nxh4
28. Ne2 h5 29. Qf4 Nhxf3+ 30. Rxf3 Rxf3 31. Bxg6 Rxf4 32. Bxa5 Rf6 33. Bxh5 Rc2
34. Rc1 Rxc1+ 35. Nxc1 Ne4 36. Nd3 Bd6 37. Bd8 Rh6 38. Bf3 Ng3 39. Kf2 Nf5 40.
Bg5 Bg3+ 41. Kg1 Rg6 42. Bd2 Nxd4 43. Bh5 Rf6 44. Bc3 e5 45. Bd1 Nc6 46. Bb3 d4
47. Bd2 e4 0-1

[Event "Accademia Cup"]
[Site "Roma ITA"]
[Date "1997.??.??"]
[Round "?"]
[White "Simeoni, Matteo"]
[Black "Marino, Danilo"]
[Result "0-1"]
[WhiteElo "1797"]
[BlackElo "1881"]
[PlyCount "66"]
[EventDate "1997.??.??"]

1. e4 c5 2. Nf3 d6 3. Bb5+ Bd7 4. Bxd7+ Qxd7 5. c4 Nc6 6. d3 g6 7. Be3 Bg7 8.
Qd2 Nd4 9. Nxd4 cxd4 10. Bf4 e5 11. Bg3 Ne7 12. O-O O-O 13. Na3 f5 14. exf5
gxf5 15. f4 Nc6 16. b4 a5 17. b5 Nb4 18. fxe5 dxe5 19. Rae1 Rae8 20. Nb1 e4 21.
dxe4 fxe4 22. Rxf8+ Bxf8 23. Bf4 Qf5 24. Rf1 e3 25. Qe1 e2 26. Rf3 Nc2 27. Bg3
Qxf3 28. gxf3 Nxe1 29. Bxe1 d3 30. Nd2 Bc5+ 31. Kg2 Be3 32. Ne4 Rxe4 33. fxe4
d2 0-1

[Event "Accademia Cup"]
[Site "Roma ITA"]
[Date "1997.??.??"]
[Round "?"]
[White "Tamburini, Massimiliano"]
[Black "Bernardi, Giancarlo"]
[Result "0-1"]
[WhiteElo "1600"]
[BlackElo "1537"]
[PlyCount "84"]
[EventDate "1997.??.??"]

1. c4 Nf6 2. g3 e6 3. Bg2 d5 4. cxd5 exd5 5. Nc3 c6 6. d4 Bb4 7. Bg5 h6 8. Bd2
Bf5 9. Nf3 O-O 10. O-O Nbd7 11. Qb3 Bxc3 12. bxc3 b6 13. e3 Re8 14. Nh4 Bd3 15.
Rfe1 Ne4 16. Nf3 Qf6 17. Rad1 Bc4 18. Qc2 g5 19. Bc1 Qf5 20. Ne5 Nxe5 21. dxe5
Qxe5 22. Bb2 b5 23. f3 Nc5 24. Ba3 Na4 25. Bb4 a5 26. Ba3 Qxc3 27. Qxc3 Nxc3
28. Rd2 b4 29. Bb2 d4 30. e4 Rad8 31. Kf2 c5 32. a3 b3 33. Rc1 a4 34. Bh3 Bb5
35. Bf5 c4 36. h4 Na2 37. Rcd1 c3 38. Rxd4 c2 39. Rh1 Rxd4 40. Bxd4 c1=Q 41.
Rxc1 Nxc1 42. hxg5 hxg5 0-1

[Event "Accademia Cup"]
[Site "Roma ITA"]
[Date "1997.??.??"]
[Round "?"]
[White "Tamburini, Massimiliano"]
[Black "Liburdi, Renzo"]
[Result "1-0"]
[WhiteElo "1600"]
[BlackElo "1510"]
[PlyCount "95"]
[EventDate "1997.??.??"]

1. c4 f5 2. g3 Nf6 3. Bg2 c6 4. Nc3 e5 5. d3 Bb4 6. Bd2 O-O 7. Qb3 Bc5 8. Na4
Qe7 9. Nxc5 Qxc5 10. Bb4 Qb6 11. c5+ Kh8 12. cxb6 Rg8 13. Bd6 a6 14. Bxe5 Ng4
15. Bxb8 Rxb8 16. Nf3 d5 17. Ng5 Nh6 18. O-O Re8 19. e3 Bd7 20. d4 Re7 21. Nf3
Nf7 22. Rae1 Rbe8 23. Re2 g5 24. Rfe1 g4 25. Ne5 Ng5 26. Nxd7 Rxd7 27. a4 Kg7
28. Rf1 Kg6 29. f4 Nf7 30. h3 h5 31. hxg4 hxg4 32. Kf2 Nd6 33. Rh1 Rh7 34. Rxh7
Kxh7 35. Qb4 Re6 36. Re1 Kg7 37. Qa3 Nc4 38. Qd3 Nd6 39. Rh1 Rf6 40. b4 Rf7 41.
b5 axb5 42. axb5 Nxb5 43. Bxd5 Rf6 44. e4 Rf8 45. Rb1 Nd6 46. e5 Nc8 47. Bxc6
bxc6 48. b7 1-0

[Event "Accademia Cup"]
[Site "Roma ITA"]
[Date "1997.??.??"]
[Round "?"]
[White "Tamburini, Massimiliano"]
[Black "Mazziotto, Nicola"]
[Result "0-1"]
[WhiteElo "1600"]
[BlackElo "1522"]
[PlyCount "76"]
[EventDate "1997.??.??"]

1. c4 Nf6 2. g3 d6 3. Bg2 e5 4. Nc3 Be7 5. d3 O-O 6. Qb3 Nc6 7. e3 Re8 8. Nf3
h6 9. O-O Bd7 10. d4 Na5 11. Qc2 exd4 12. Nxd4 c5 13. Nde2 Qc8 14. Rd1 Nxc4 15.
b3 Ne5 16. Bb2 Bh3 17. Ne4 Bxg2 18. Nxf6+ Bxf6 19. Kxg2 Qg4 20. Bxe5 Rxe5 21.
f3 Qe6 22. Nf4 Qe8 23. e4 Rd8 24. Rd3 Rxe4 25. Rad1 Rd4 26. Nd5 Rxd3 27. Rxd3
Bd4 28. b4 b6 29. Nc7 Qe1 30. b5 Qg1+ 31. Kh3 Qf1+ 32. Kg4 f5+ 33. Kh5 Qh3+ 34.
Kg6 d5 35. Qe2 Rd6+ 36. Ne6 f4 37. g4 Qh4 38. Kf5 Qf6# 0-1

[Event "Accademia Cup"]
[Site "Roma ITA"]
[Date "1997.??.??"]
[Round "?"]
[White "Tamburini, Massimiliano"]
[Black "Tersigni, Andrea"]
[Result "0-1"]
[WhiteElo "1600"]
[BlackElo "1723"]
[PlyCount "56"]
[EventDate "1997.??.??"]

1. c4 b6 2. d4 Bb7 3. Nc3 e6 4. e4 Bb4 5. Qg4 Nf6 6. Qe2 Nxe4 7. Bd2 Bxc3 8.
bxc3 Nxd2 9. Qxd2 Nc6 10. Nf3 Qe7 11. Bd3 O-O 12. O-O Na5 13. Ng5 f5 14. f4 Ba6
15. Qe2 Rae8 16. Rae1 Qf6 17. Rf3 h6 18. Nh3 c5 19. Re3 cxd4 20. Re5 Nc6 21.
cxd4 Nxe5 22. dxe5 Qe7 23. Nf2 Rc8 24. Rc1 Qc5 25. Kf1 b5 26. Bb1 bxc4 27. Qc2
c3+ 28. Kg1 Qe3 0-1

[Event "Accademia Cup"]
[Site "Roma ITA"]
[Date "1997.??.??"]
[Round "?"]
[White "Tersigni, Andrea"]
[Black "Berrino, Umberto"]
[Result "1-0"]
[WhiteElo "1723"]
[BlackElo "1672"]
[PlyCount "97"]
[EventDate "1997.??.??"]

1. f4 Nf6 2. Nf3 d5 3. e3 Bg4 4. b3 e6 5. Bb2 Be7 6. h3 Bh5 7. Be2 Ne4 8. O-O
Bf6 9. Ne5 Bxe2 10. Qxe2 Ng3 11. Qb5+ Nd7 12. Rf3 Ne4 13. Nc3 Nd6 14. Qxd7+
Qxd7 15. Nxd7 Kxd7 16. g4 Ne4 17. d4 Nxc3 18. Bxc3 h6 19. Kf2 c5 20. g5 Be7 21.
dxc5 hxg5 22. fxg5 Bxg5 23. Rxf7+ Kc6 24. Rxg7 Raf8+ 25. Ke2 Bf6 26. Bxf6 Rxf6
27. Rh1 Rfh6 28. b4 Rxh3 29. Rxh3 Rxh3 30. a4 a6 31. Re7 Rh6 32. Kd3 b6 33.
cxb6 Kxb6 34. a5+ Kb5 35. Rb7+ Ka4 36. Rb6 Rh4 37. c3 e5 38. Rd6 d4 39. exd4
e4+ 40. Kc4 Rh3 41. Re6 Re3 42. Rxa6 Ka3 43. Rg6 Kb2 44. Rg2+ Kc1 45. a6 Rf3
46. a7 Rf8 47. b5 Kd1 48. b6 e3 49. b7 1-0

[Event "Accademia Cup"]
[Site "Roma ITA"]
[Date "1997.??.??"]
[Round "?"]
[White "Tersigni, Andrea"]
[Black "Casella, Carlo"]
[Result "1-0"]
[WhiteElo "1723"]
[BlackElo "1516"]
[PlyCount "47"]
[EventDate "1997.??.??"]

1. f4 d5 2. Nf3 Nf6 3. e3 e6 4. b3 c5 5. Bb5+ Bd7 6. Bxd7+ Nbxd7 7. Bb2 Be7 8.
O-O O-O 9. d3 Rc8 10. Nbd2 b5 11. c4 b4 12. Ne5 Nb6 13. g4 dxc4 14. dxc4 Nfd7
15. Ndf3 Nxe5 16. Nxe5 Qc7 17. g5 Rfd8 18. Qh5 g6 19. Qh4 Rd2 20. Rf2 Rcd8 21.
Ng4 Rd1+ 22. Rf1 Rxf1+ 23. Rxf1 Rd2 24. Qh6 1-0